01519 am a2200397 a 450000500170000000800410001702000150005804100080007310000200008124500440010125000450014526000340019030000160022450000750024065300160031565300240033165300150035565300320037065300300040265300540043265300320048665300390051865300540055765300190061165300590063065300520068965300390074165300340078065300520081465300280086665300380089465300300093265300490096265300540101165300560106520240214111424.0100304s1995||||sp a f |||| 001 0 spa  a8429174524 aspa1 aStryer, Lubert. aBioquímica. bVol.2 /cLubert Stryer. a4a ed.bTraducción José M. Macarulla aBarcelona: bReverte; c1995. a441-1010 p. aStryer, L. (1995). Bioquímica. Vol.2 (4a ed.). Barcelona : Reverte.  aMetabolismo aHidratos de carbono aGlicolisis aCiclo del ácido cítrico aFosforilación ixidativa aVía de las pentosas fosfato y gluconeogénesis aMetabolismo del glucógeno aMetabolismo de los ácidos grasos aDegradación de aminoácidos y ciclo de la urea aFotosíntesis aBiosíntesis de lípidos de membrana y de esteroides aBiosíntesis de aminoácidos y del grupo hemo aBiosíntesis de los nucleótidos aIntegración del metabolismo aEstructura, replicación y reparación de DNA aReordenación de genes aSíntesis y maduración del RNA aSíntesis de proteínas aEnvío de proteínas a su punto de destino aControl de la expresión génica en procariotas aCromosomas eucarióticos y su expresión génica